000 00331nam a22001217a 4500
020 _a978-0-19-806365-0
082 _a658.45
100 _aJethwaney, Jaishri
245 _aCorporate Communication:
_bPrinciples and Practice
260 _aNew Delhi:
_bOxford University Press,
_c2010
300 _axi, 432p.: ill.; 24cm
942 _cBK
999 _c22201
_d22201